| 000 | 01195cab a22002895a 4500 | ||
|---|---|---|---|
| 999 |
_c85178 _d85178 |
||
| 001 | L160150 | ||
| 007 | ta | ||
| 008 | 180810e2018 xxk 000 0 eng d | ||
| 035 | _a(Sirsi) u160150 | ||
| 041 | 0 | _aeng | |
| 100 | 1 | _aParrett, Mike | |
| 245 | 0 | 0 |
_aMy home is making me ill _h[electronic resource] |
| 260 | _c2018 | ||
| 490 |
_aRICS Property Journal _vJuly-August 2018, 42-45(4) |
||
| 520 | _aFirst in a series of articles which look at the link between health and housing. Highlights issues and causes which contribute to this including damp and mould, Chromated copper arsenate, Formaldehyde gas, Phthalates Vermiculite, Eutrophication, Chlorofluorocarbons (CFCs), Radon gas and Electrical appliances and devices. | ||
| 650 | 2 | 4 | _aILLNESS |
| 650 | 2 | 4 | _aHOUSING HEALTH AND SAFETY RATING SYSTEM (ENGLAND) REGULATIONS 2005 |
| 650 | 2 | 4 | _aHOUSING ACT 2004 |
| 650 | 2 | 4 | _aBUILDING ACT 1984 |
| 651 | 4 | _aUnited Kingdom | |
| 651 | 4 | _aUnited Kingdom 1973 | |
| 690 |
_aHealth and safety _96244 |
||
| 690 |
_aResidential property _96266 |
||
| 856 | 4 | 0 |
_uhttps://issuu.com/ricsmodus/docs/property_journal_july-august_2018 _yAvailable free online via Issuu |
| 942 |
_n0 _2ddc |
||
| 651 | 4 | _y | |